L.M. Montgomery and the matter of nature(s) / (Record no. 19316)
[ view plain ]
| 000 -LEADER | |
|---|---|
| fixed length control field | 01791cam a22001817i 4500 |
| 020 ## - INTERNATIONAL STANDARD BOOK NUMBER | |
| ISBN | 9780773552746 (cloth) |
| 020 ## - INTERNATIONAL STANDARD BOOK NUMBER | |
| ISBN | 9780773552753 (paperback) |
| 040 ## - CATALOGING SOURCE | |
| Transcribing agency | YDX |
| 082 04 - DEWEY DECIMAL CLASSIFICATION NUMBER | |
| Classification number | 813 YAT 2001 C165 Or. |
| 245 00 - TITLE STATEMENT | |
| Title | L.M. Montgomery and the matter of nature(s) / |
| 300 ## - PHYSICAL DESCRIPTION | |
| Number of Pages | x, 292 pages : |
| Other physical details | illustrations ; |
| Dimensions | 23 cm |
| 520 ## - SUMMARY, ETC. | |
| Summary, etc | "L.M. Montgomery's writings are replete with enchanting, yet subtle and fluid depictions of nature that convey her intense appreciation for the natural world. At a time of ecological crises, intensifying environmental anxiety, and burgeoning eco-critical perspectives, L.M. Montgomery and the Matter of Nature(s) repositions the Canadian author's relationship to nature in terms of current environmental criticism across several disciplines, introducing a fresh approach to her life and work. Drawing on a wide range of Montgomery's novels as well as her journals, this collection suggests that socio-ecological relationships encompass ideas of reciprocity, affiliation, autonomy, and the capacity for transformation in both the human and more-than-human worlds, and that these ideas are integral to Montgomery's vision and her literary legacy. Framed by the twin themes of materiality and interrelationships, essays by scholars of literature, law, animal studies, anthropology, and ecology examine place, embodiment, and difference in Montgomery's works and embrace the multiplicities embedded in the concept of nature. Through innovative critical approaches, L.M. Montgomery and the Matter of Nature(s) opens up conversations about humans' interactions with nature and the material environment."-- |
| 650 #0 - SUBJECT ADDED ENTRY--TOPICAL TERM | |
| Topical Term | Nature in literature. |
| 650 #0 - SUBJECT ADDED ENTRY--TOPICAL TERM | |
| Topical Term | Human ecology in literature. |
| 700 1# - ADDED ENTRY--PERSONAL NAME | |
| Personal name | Bode, Rita, |
| 700 1# - ADDED ENTRY--PERSONAL NAME | |
| Personal name | Mitchell, Jean, |
| 942 ## - ADDED ENTRY ELEMENTS (KOHA) | |
| Koha item type | ADB |
| 952 ## - LOCATION AND ITEM INFORMATION (KOHA) | |
| Withdrawn status [LOCAL, KOHA] | 0 |
| Source of acquisition | Permanent Location | Date acquired | Koha item type | Lost status | Shelving location | Current Location | Full call number |
|---|---|---|---|---|---|---|---|
| A32985 | Library Block C | 2020-09-22 | សៀវភៅភាសាអង់គ្លេស | C165 | Library Block C | 813 YAT 2001 C165 Or. |